000 00360nam a2200133 i 4500
001 bg
100 1 _aTUROWSKI, Janusz.
245 0 _aObliczenia elektromagnetyczne elementów maszyn i urządzeń elektrycznych /
_cJanusz Turowski.
260 _aWarszawa,
_c1982.
040 _cBPK
041 _apol
942 _cKS
008 s pl f |000 0 pol
999 _c20239
_d20239
856 _uhttp://koha.tu.koszalin.pl/cgi-bin/koha/opac-detail.pl?biblionumber=20239
_yKatalog online BPK